| 000 | 00550cam a22001577a 4500 | ||
|---|---|---|---|
| 008 | 180718b2000 xxu||||| |||| 00| 0 eng d | ||
| 082 | _aK1203x54 Si64/4/2000 | ||
| 100 | _aSingh, G.B. | ||
| 245 |
_aG.B. Singh's commentary on central civil services conduct rules, 1964 _cby G.B. Singh and Gurmeet Singh |
||
| 250 | _a4th ed. | ||
| 260 |
_aNew Delhi _bBaljeet Singh _c2000 |
||
| 300 | _a304p. | ||
| 650 | _aEmployess - Dismissal of - Law and legislation - India | ||
| 650 | _aCivil service - India - Rules and regulations | ||
| 700 | _aSingh, Gurmeet | ||
| 999 |
_c393217 _d393217 |
||